000 00722nam a2200241Ia 4500
003 OSt
005 20220923224155.0
006 a|||||r|||| 00| 0
007 ta
008 Pun
024 _a227,399
037 _cTextual
040 _aARTS
_cARTS
_bPun
041 _2Pun
_aPun
082 _aO153,1NKL2x, N7
100 _aਕਾਲਰਵੀ, ਪੰਦਰ੍ਹਾਂ
_9156292
245 0 _aਅਗਸਤ ਪੰਦਰ੍ਹਾਂ
260 _aਜਲੰਧਰ
_b ਹਰਕਾਰਾ ਪ੍ਰਕਾFਨ
_c1997
300 _a61ਪੰ
_ccm.
650 _aਪੰਜਾਬੀ ਸਾਹਿਤ
942 _hO153,1NKL2x, N7
_cTEXL
_2CC
999 _c369722
_d369722